000 00733nam a2200289Ia 4500
005 20260324124404.0
008 008 260324s9999 xx 000 0 eng d
020 _a9781849774772
037 _aEBOOK
040 _aCRL
040 _beng
040 _cCRL
041 _2eng
041 _aeng
084 _qCRL
100 _aSamer Bagaeen; Ola Uduku; Saskia Sassen
_91157495
245 0 _aGated Communities
245 0 _bSocial Sustainability in Contemporary and Historical Gated Developments
260 _bTaylor and Francis
260 _c2010
365 _a
365 _b290
856 _uhttp://www.taylorfrancis.com/books/9781849774772
942 _cEBOOK
999 _c1768291
_d1768291